| 000 | 02404cam a22002174a 4500 | ||
|---|---|---|---|
| 005 | 20250605164113.0 | ||
| 008 | 250528s ||||||||||||||||||||||||d | ||
| 035 | _a17978 | ||
| 020 | _a9789608940710 | ||
| 040 |
_aGR-AtMCL _bgre _dGR-AtMCL _eAACR2 |
||
| 245 | 1 | _aΧρηματοοικονομική Διοίκηση / Θεωρία και Πρακτική | |
| 250 | _a1η | ||
| 260 |
_bRosili, _c2008 |
||
| 300 | _a710 | ||
| 520 | _aΣκοπός του βιβλίου αυτού είναι να παρουσιάσει και να αναλύσει τη θεωρία και τις πρακτικές εφαρμογές της Χρηματοοικονομικής Διοίκησης, με τρόπο ευανάγνωστο, έτσι ώστε να λύνει και όχι να δημιουργεί απορίες. Πρόλογος, Εισαγωγή, Διαχρονική Αξία του Χρήματος, Ανάλυση Χρηματοοικονομικών Δεικτών, Ανάλυση Ταμειακών Ροών, Κόστος Κεφαλαίου, Προϋπολογισμός Επενδύσεων Κεφαλαίου, Κίνδυνος και Προϋπολογισμός Επενδύσεων Κεφαλαίου, Ανάλυση Μόχλευσης, Κεφαλαιακή Διάρθρωση, Πολιτική Μερίσματος, Πρόβλεψη Χρηματοδοτικών Αναγκών, Διοίκηση Κεφαλαίου Κίνησης, Διοίκηση Διαθέσιμων, Διοίκησησ Χρεογράφων, Διοίκηση Απαιτήσεων, Διοίκηση Αποθεμάτων, Χρηματοδοτική Μίσθωση, Εταιρείες Κεφαλαίου Επιχειρηματικών Συμμετοχών, Πρακτορεία Επιχειρηματικών Απαιτήσεων, Μελέτες Περίπτωσης, Προσάρτημα, Η Τελική Αξία μιας Νομισματικής Μονάδος, Η Παρούσα Αξία μιας Νομισματικής Μονάδος, Η Τελική Αξία Σειράς Πληρωμών μιας Νομισματικής Μονάδος, Η Παρούσα Αξία Σειράς Πληρωμών μιας Νομισματικής Μονάδος. | ||
| 700 | 1 |
_aΒασιλείου Δημήτρης _94293 |
|
| 700 | 1 |
_aΗρειώτης Νικόλαος _94294 |
|
| 942 | _cBK | ||
| 999 |
_c3372 _d3372 |
||